000 00455nam a2200193Ia 4500
003 GCL
008 140319s9999 xx 000 0 eng d
040 _aGCL /
_cGCL
082 0 4 _aCH
_b507
_bD P
100 1 _aDORLING, KINDERSLEY
245 1 0 _aBIRDS /
_cDORLING, KINDERSLEY
260 _a[S.N] :
_bDORLING KINDERSLEY
490 _aPICTUREPEDIA
_v0
650 0 4 _aSCIENCE
650 0 4 _aEARTH
650 0 4 _aBIRDS
650 0 4 _aANIMAL
942 _2ddc
_cBK
999 _c19078
_d19078